| 000 | 00719nam a22002537i 4500 | ||
|---|---|---|---|
| 003 | EG-ScBUE | ||
| 005 | 20230607100635.0 | ||
| 008 | 200219s2022 ua f 000 0 eng d | ||
| 020 | _a9789779418384 | ||
| 040 |
_aEG-ScBUE _beng _erda _cEG-ScBUE _dEG-ScBUE |
||
| 082 | 0 | 4 |
_222 _a746.92 _bTAW |
| 100 | 1 |
_aTawfik, Maha, _eauthor. |
|
| 245 | 1 | 0 |
_aCrystallized / _cMaha Tawfik. |
| 250 | _aFirst edition. | ||
| 264 | 1 |
_a[Cairo] _bMaha Tawfik, _c2022. |
|
| 300 |
_a371 pages ; _c24 cm |
||
| 336 |
_2rdacontent _atext _btxt |
||
| 337 |
_2rdamedia _aunmediated _bn |
||
| 338 |
_2rdacarrier _avolume _bnc |
||
| 650 | 7 |
_aCrystal glass. _2BUEsh |
|
| 655 | _vReading book | ||
| 942 |
_2ddc _cBB |
||
| 999 |
_c30460 _d30431 |
||